| 000 | 00561nam a2200169 i 4500 | ||
|---|---|---|---|
| 001 | 72836 | ||
| 003 | ES-MaACL | ||
| 005 | 20230906171555.0 | ||
| 007 | t| | ||
| 008 | 040903s1958 sp ||||1| spa d | ||
| 100 | 1 |
_aGomara Dallo, Jacinta. _957731 |
|
| 245 | 1 | 0 |
_aEstudio demográfico de la Industria de Elche / _cJacinta Gomara Dallo. |
| 260 |
_aAlicante : _bInstituto de Estudios Alicantinos, _c[1958] ( _fSucs. de Suchs) |
||
| 300 |
_a142 p., 7 lám. ; _c20 cm. |
||
| 710 | 2 |
_aInstituto de Estudios Alicantinos. _94886 |
|
| 852 |
_aES-MaACL _jC-14045 _bR.41842 |
||
| 999 |
_c72836 _d72836 |
||